Stredná Európa nakupuje rozdielne
Supermarkety sú najpreferovanejšími predajňami v regióne SVE. Hlavní hráči v regióne SVE. Hlavné nákupné miesto potravín. Postoj spotrebiteľov k letákom. Najkoncentrovanejšia maloobchodná sieť je v Petrohrade a na Slovensku.
Salvato in:
| Autore principale: | |
|---|---|
| Natura: | Capitolo di libro |
| Lingua: | slovacco |
| Soggetti: | |
| Tags: |
Nessun Tag, puoi essere il primo ad aggiungerne!!
|
MARC
| LEADER | 00000naa$a2200000$$$4500 | ||
|---|---|---|---|
| 001 | 0027066 | ||
| 005 | 20231107125740.3 | ||
| 041 | 0 | |a slo | |
| 044 | |a SK | ||
| 245 | 1 | 0 | |a Stredná Európa nakupuje rozdielne |c Juraj Lesay |
| 520 | |a Supermarkety sú najpreferovanejšími predajňami v regióne SVE. Hlavní hráči v regióne SVE. Hlavné nákupné miesto potravín. Postoj spotrebiteľov k letákom. Najkoncentrovanejšia maloobchodná sieť je v Petrohrade a na Slovensku. | ||
| 610 | 2 | 0 | |a supermarkety |
| 610 | 2 | 0 | |a SVE |
| 610 | 2 | 0 | |a zákazníci |
| 100 | 1 | |a Lesay, Juraj | |